Responses for show #6599 - Thursday, May 2, 2013

Contestants

Arnold Dean, a lawyer from Arlington, Virginia

Amanda Potter, a museum educator originally from Glens Falls, New York

John Anneken, a postdoctoral researcher from Cincinnati, Ohio (whose 1-day cash winnings total $18,911)

Jeopardy! Round responses

TO THE POLICE STATION!
TV SUPPORTING CASTS
NAVAL VESSELS
TABLE OF CONDIMENTS
MLB TEAM NAMES?
THINGS MOTHER GAVE US
(Alex: Each correct response will be made up of the letters in the word "mother." Not all of them, necessarily.)
    $200 26
Chicago

John
    $200 6
The A-Team

John
    $200 16
submarine

John
    $200 11
57

John
    $200 1
Indians

John
    $200 21
moth

Amanda
    $400 27
San Francisco

Amanda
    $400 7
Once Upon a Time

Amanda
    $400 17
(John: What is a galley?)

galleon

John
Triple Stumper
    $400 12
pickles

Arnold
    $400 2
pirates

John
    $400 22
metro

Amanda
    $600 28
Montreal

John
    $600 8
(Amanda: What is Alice's Diner?)
(Arnold: What is Alice Doesn't Live Here Anymore?)
...
(Alex: That was the movie. The television series was called simply [*].)

Alice

AmandaArnold
Triple Stumper
    $600 18
aircraft carrier

John
    $600 13
horseradish

John
    $600 3
brewers

John
    $600 23
(John: What is...?)

tore

John
Triple Stumper
    $800 29
Detroit

John
    $800 9
Revolution

Triple Stumper
    $2,000 19
minesweeper

John
    $800 14
mustard

Arnold
    $800 4
an oriole

John
    $800 24
term

John
    $1000 30
Florida

John
    $1000 10
(John: What is NYPD Blue?)
...
(Alex: What is [*]? The shaft, the elevator shaft.)

L.A. Law

John
Triple Stumper
    $1000 20
battleship

John
    $1000 15
tahini

Arnold
    $1000 5
Blue Jays

John
    $1000 25
(Arnold: What is the Return key?)

Home

AmandaArnold

Scores at the first commercial break (after clue 15):

John Amanda Arnold
$3,000 -$200 $1,600

Scores at the end of the Jeopardy! Round:

John Amanda Arnold
$9,200 $1,800 $600

Double Jeopardy! Round responses

THE LITERARY CHARACTER TWEETS
AMERICANA
ACTRESSES PLAYING ACTRESSES
THE 8 PLANETS
THE MIDDLE AGES
I "NV" YOU
    $400 1
Blanche (DuBois)

Amanda
    $400 22
Georgia

Arnold
    $400 11
Judy Garland

John
    $400 17
Venus

John
    $400 6
the Seine

John
    $400 12
invincible

John
    $800 2
(Amanda: What is The Hunger Games?)
...
(Alex: Yes, Hunger Games is the work, not the character.)

Katniss Everdeen

JohnAmanda
    $800 23
soda

Amanda
    $4,000 18
Neptune

John
    $800 7
St. Mark's

Amanda
    $800 13
convention

John
    $1200 3
Scout

John
    $1200 24
Churchill

John
    $1200 29
[The end-of-round signal sounds.]

Jessica Lange

Triple Stumper
    $1200 19
(Amanda: What is Mars?)
...
(Alex: You'll find it right here on Earth, in Kansas.)

Earth

Amanda
Triple Stumper
    $1200 8
wheel

John
    $1200 14
convoy

John
    $1600 4
(Amanda: Who is Braveheart?)
...
(Alex: Who is [*] in Last of the Mohicans.)

Hawkeye

Amanda
Triple Stumper
    $5,000 25
(John: What is... Lake Vermont?)

Lake Champlain

John
    $1600 28
Michelle Williams

Amanda
    $1600 20
Mercury

John
    $1600 9
(John: What is Shangri-La?)

Xanadu

JohnAmanda
    $1600 15
Bougainvillea

Triple Stumper
    $2000 5
(Alex: That was from Lonesome Dove, and it was [*].)

Gus

Triple Stumper
    $2000 26
Newport

Amanda
    $2000 27
(John: Who is Crawford?)
...
(Alex: The actress who played Joan Crawford is [*].)

Faye Dunaway

John
Triple Stumper
    $2000 21
Mars

John
    $2000 10
(Alex: Author of the Summas, [*].)

St. Thomas Aquinas

Triple Stumper
    $2000 16
anvil

John

Scores at the end of the Double Jeopardy! Round:

John Amanda Arnold
$18,200 $5,400 $1,000
(lock game)

[wagering suggestions for these scores]

Final Jeopardy! Round responses

ISLAND COUNTRIES
(Alex: The "western" was an important word in the clue. Think of Western [*]. Now it's just called [*].)
ArnoldWhat is Seychelles?
$1,000
AmandaWhat is Antilles?
$5,399
JohnWhat Tonga
$4,200
Samoa

Final scores:

John Amanda Arnold
$14,000 $1 $0
2-day champion: $32,911 2nd place: $2,000 3rd place: $1,000

Game dynamics:

Coryat scores:

John Amanda Arnold
$18,800 $5,400 $1,000
31 R
(including 2 DDs),
6 W
(including 1 DD)
11 R,
4 W
4 R,
2 W

Combined Coryat: $25,200

The J! Archive is created by fans, for fans. The Jeopardy! game show and all elements thereof, including but not limited to copyright and trademark thereto, are the property of Jeopardy Productions, Inc. and are protected under law. This website is not affiliated with, sponsored by, or operated by Jeopardy Productions, Inc. Join the discussion at JBoard.tv.